Wszyscy żużlowi mistrzowie świata juniorów! - Statystyki

Ogólne statystyki
  • Ten quiz został rozwiązany 502 razy
  • Średni wynik to 15 z 36
Statystyki odpowiedzi
Rok Zawodnik % Poprawnych
2015 Bartosz Zmarzlik
86%
2023 Mateusz Cierniak
83%
2022 Mateusz Cierniak
83%
2011 Maciej Janowski
70%
2018 Bartosz Smektała
65%
2019 Maksym Drabik
65%
2017 Maksym Drabik
65%
2021 Jakub Miśkowiak
64%
2013 Patryk Dudek
62%
2014 Piotr Pawlicki
60%
2004 Robert Miśkowiak
58%
2010 Darcy Ward
53%
2009 Darcy Ward
53%
2003 Jarosław Hampel
52%
2020 Jaimon Lidsey
45%
2005 Krzysztof Kasprzak
44%
2016 Max Fricke
43%
2012 Michael Jepsen Jensen
41%
2008 Emil Sajfutdinow
40%
2007 Emil Sajfutdinow
40%
1996 Piotr Protasiewicz
40%
1995 Jason Crump
35%
1992 Leigh Adams
31%
2000 Andreas Jonsson
27%
1997 Jesper Bruun Jensen
22%
1998 Robert Dados
22%
1999 Lee Richardson
20%
2006 Karol Ząbik
19%
2001 Dawid Kujawa
17%
1991 Brian Andersen
16%
2002 Lukas Dryml
15%
1994 Mikael Karlsson
14%
1993 Joe Screen
10%
1990 Chris Louis
9%
1989 Gert Handberg
7%
1988 Peter Nahlin
7%
Nie znaleziono quizów pasujących do podanych kryteriów
Rozkład punktacji
Procent ludzi z każdym wynikiem
Percentyl według liczby udzielonych odpowiedzi
Twoja historia wyników
Nie rozwiązałeś tego quizu